000 00492nam a2200145 a 4500
008 120416s1962 ||||||||||||||||| || u
050 _aTP 159.P5 Lit
100 _aLittleton, Charles T
245 1 0 _aIndustrial piping
250 _a2nd ed.
260 _aNew York
_bMcGraw-Hill
_c1962
300 _aix, 349p. : ill.
350 _a0.00
995 _D0.00
_FCBU-MAIN LIBRARY (Kitwe)
_H1
_I13.00
_UAVAILABLE
_ZAnnex Low-Usage Collection
999 _c46746
_d46746